The Deep River coal field of North Carolina / (Record no. 26292)

MARC details
000 -LEADER
fixed length control field 01058cam a22002651a 4500
001 - CONTROL NUMBER
control field gs 24000037
003 - CONTROL NUMBER IDENTIFIER
control field DLC
005 - DATE AND TIME OF LATEST TRANSACTION
control field 20260227111328.0
008 - FIXED-LENGTH DATA ELEMENTS--GENERAL INFORMATION
fixed length control field 761116s1923 ncuab s000 0 eng
010 ## - LIBRARY OF CONGRESS CONTROL NUMBER
LC control number gs 24000037
035 ## - SYSTEM CONTROL NUMBER
System control number (OCoLC)2560244
040 ## - CATALOGING SOURCE
Original cataloging agency DLC
Transcribing agency OT
Modifying agency Nc
-- DLC
042 ## - AUTHENTICATION CODE
Authentication code premarc
050 00 - LIBRARY OF CONGRESS CALL NUMBER
Classification number TN805.N8
Item number C3
100 1# - MAIN ENTRY--PERSONAL NAME
Personal name Campbell, Marius R.
Fuller form of name (Marius Robinson),
Dates associated with a name 1858-1940.
245 14 - TITLE STATEMENT
Title The Deep River coal field of North Carolina /
Statement of responsibility, etc. by Marius R. Campbell and Kent W. Kimball ; prepared by United States Geological survey, in cooperation with the North Carolina Geological and Economic Survey.
260 ## - PUBLICATION, DISTRIBUTION, ETC.
Place of publication, distribution, etc. [Chapel Hill, N.C.,
Date of publication, distribution, etc. 1923]
300 ## - PHYSICAL DESCRIPTION
Extent 95 p. :
Other physical details ill., map ;
Dimensions 26 cm.
490 1# - SERIES STATEMENT
Series statement Bulletin ;
Volume/sequential designation no. 33
500 ## - GENERAL NOTE
General note At head of title: North Carolina Geological and economic survey. Joseph Hyde Pratt, director and state geologist.
500 ## - GENERAL NOTE
General note Map folded in pocket.
650 #0 - SUBJECT ADDED ENTRY--TOPICAL TERM
Topical term or geographic name entry element Coal
Geographic subdivision North Carolina.
700 1# - ADDED ENTRY--PERSONAL NAME
Personal name Kimball, Kent W.
830 #0 - SERIES ADDED ENTRY--UNIFORM TITLE
Uniform title Bulletin (North Carolina. Geological Survey Section) ;
Volume/sequential designation no. 33.

No items available.

Powered by Koha